The economics of urban density (Record no. 515372)

000 -LEADER
fixed length control field 01088nam a22001457a 4500
008 - FIXED-LENGTH DATA ELEMENTS--GENERAL INFORMATION
fixed length control field 210122b ||||| |||| 00| 0 eng d
100 ## - MAIN ENTRY--PERSONAL NAME
Personal name Duranton, Gilles and Puga, diego
245 ## - TITLE STATEMENT
Title The economics of urban density
260 ## - PUBLICATION, DISTRIBUTION, ETC. (IMPRINT)
Place of publication, distribution, etc The Journal of Economic Perspectives
300 ## - PHYSICAL DESCRIPTION
Extent 34(3), Summer, 2020: p.3-26
520 ## - SUMMARY, ETC.
Summary, etc Density boosts productivity and innovation, improves access to goods and services, reduces typical travel distances, encourages energy efficient construction and transport, and allows broader sharing of scarce urban amenities. However, density is also synonymous with crowding and makes living and moving in cities more costly. We explore the appropriate measurement of density and describe how it is both a cause and a consequence of the evolution of cities. We then discuss whether and how policy should target density and why, in practice, the tradeoff between its pros and cons is unhappily resolved by both market and political forces.- Reproduced
773 ## - HOST ITEM ENTRY
Main entry heading The Journal of Economic Perspectives
906 ## - LOCAL DATA ELEMENT F, LDF (RLIN)
Subject DIP URBAN ECONOMICS
942 ## - ADDED ENTRY ELEMENTS (KOHA)
Item type Articles
Holdings
Withdrawn status Lost status Source of classification or shelving scheme Damaged status Not for loan Permanent location Current location Date acquired Serial Enumeration / chronology Barcode Date last seen Koha item type
          Indian Institute of Public Administration Indian Institute of Public Administration 2021-01-22 34(3), Summer, 2020: p.3-26 AR123889 2021-01-22 Articles

Powered by Koha